000 00433nam a22001577a 4500
005 20241223093233.0
008 241223b ||||| |||| 00| 0 eng d
040 _cAL
041 _aEnglish
082 _223
_a348.04
_bEASS
100 _a Eastern Book Company
_9191839
245 _aSupreme Court Cases2004: Vol 2
260 _a Lucknow
_bEastern Book Comapny
650 _a Mode of Citation(2004) 2 SCC
_9191840
942 _2ddc
_cBI
999 _c233380
_d233380